STRUCTURE OF SCIENTIFIC REVOLUTIONS (Record no. 15527)

MARC details
000 -LEADER
fixed length control field 00365nam a2200145Ia 4500
008 - FIXED-LENGTH DATA ELEMENTS--GENERAL INFORMATION
fixed length control field 240624s9999 xx 000 0 und d
041 ## - LANGUAGE CODE
Language code of text/sound track or separate title eng
082 ## - DEWEY DECIMAL CLASSIFICATION NUMBER
Classification number 501 KUH
100 ## - MAIN ENTRY--PERSONAL NAME
Personal name KUHN THOMAS S
245 ## - TITLE STATEMENT
Title STRUCTURE OF SCIENTIFIC REVOLUTIONS
250 ## - EDITION STATEMENT
Edition statement (3rd ed.)
260 ## - PUBLICATION, DISTRIBUTION, ETC.
Date of publication, distribution, etc. 1996
Place of publication, distribution, etc. Chicago
Name of publisher, distributor, etc. University of Chicago Press
300 ## - PHYSICAL DESCRIPTION
Extent 226 : p.
365 ## - TRADE PRICE
Currency code
Price amount 27
Holdings
Withdrawn status Lost status Damaged status Not for loan Home library Current library Shelving location Date acquired Source of acquisition Cost, normal purchase price Total Checkouts Full call number Barcode Date last seen Date last checked out Copy number Price effective from Koha item type
        IMTN IMTN Rack 15-B 09/03/2010 BWE 13.00 2 501 KUH 15527 10/10/2025 07/04/2025 49.4 06/24/2024 Books
Designed & Maintained by: LRC IMT Nagpur Contact: lrc@imtnag.ac.in© 2024. All Rights Reserved.